LIBRARY ONLINE CATALOGUE

Fundamentals of beam physics / (Record no. 7355)

MARC details
000 -LEADER
fixed length control field 00554nam a22001932 4500
001 - CONTROL NUMBER
control field 0000007033
005 - DATE AND TIME OF LATEST TRANSACTION
control field 20151217152020.0
008 - FIXED-LENGTH DATA ELEMENTS--GENERAL INFORMATION
fixed length control field 071108s xx 000 0 eng d
020 ## - INTERNATIONAL STANDARD BOOK NUMBER
International Standard Book Number 0198525540 :
Terms of availability KES 7070
040 ## - CATALOGING SOURCE
Original cataloging agency KABU
Transcribing agency KABU
100 1# - MAIN ENTRY--PERSONAL NAME
Personal name Rosenzweig, J. B.
-- 0000158061
245 10 - TITLE STATEMENT
Title Fundamentals of beam physics /
Statement of responsibility, etc. J. B. Rosenzweig.
260 ## - PUBLICATION, DISTRIBUTION, ETC. (IMPRINT)
Place of publication, distribution, etc. Oxford :
Name of publisher, distributor, etc. O. U. P.,
Date of publication, distribution, etc. 2003.
300 ## - PHYSICAL DESCRIPTION
Extent x, 294 p.
650 #0 - SUBJECT ADDED ENTRY--TOPICAL TERM
Topical term or geographic name as entry element Particle beams.
-- 0000158062
908 ## - PUT COMMAND PARAMETER (RLIN)
Put command parameter 071108
950 ## - LOCAL HOLDINGS (RLIN)
-- 1
Holdings
Withdrawn status Lost status Source of classification or shelving scheme Not for loan Home library Current library Date acquired Total Checkouts Full call number Barcode Date last seen Price effective from Koha item type
    Library of Congress Classification   Kabarak, Main Campus Kabarak, Main Campus 17/12/2015   QC793.3 .B4R67 010955 17/12/2015 17/12/2015 General Collection